Les pays les plus libéraux - Statistiques

Statistiques générales
  • Ce quiz a été pris 66 fois
  • Le résultat moyen est 13 sur 20
Statistiques - réponses
# Réponse % Correct
16 Allemagne
84%
8 Pays-bas
84%
2 Suisse
82%
3 Irlande
75%
5 Luxembourg
74%
4 Nouvelle-Zélande
72%
12 Australie
70%
13 Islande
70%
18 Lettonie
70%
6 Taïwan
70%
19 Corée du sud
66%
7 Estonie
66%
1 Singapour
64%
10 Danemark
59%
15 Canada
56%
9 Finlande
54%
14 Norvège
49%
17 Lituanie
48%
11 Suède
28%
20 Chili
15%
Aucun quiz correspondant
Distribution des résultats
% des personnes avec chaque résultat
Percentile par nombre de réponses
Votre historique - résultats
Vous n’avez pas pris ce quiz